000
00257nam a2200097Ia 4500
001
1206601
005
20250827022809.0
008
250824s9999 xx 000 0 und d
245
0
_a
ELİF GİBİ SEVMEK I
_c
HİKMET ANIL ÖZTEKİN
260
_b
DESTEK YAYINLARI
999
_c
1206601
_d
1206601